000
00316 a2200157 4500
001
62414
020
_a
9788566642247
040
_c
Anchieta - Pituba
100
_a
Freud, Clement
240
1
0
_a
Grimble
_l
por
245
1
0
_a
Grimble
300
_a
134
362
0
_a
2014
650
4
_a
Literatura juvenil
942
_c
BK
999
_c
62414
_d
62414